Проблемы гидрогеологии и карста. Ч. 1 (Запись № 6651707)

Подробности
000 -МАРКЕР
контрольное поле 01036nam2a22002291 4500
001 - ИДЕНТИФИКАТОР ЗАПИСИ
контрольное поле rc\858330
005 - ИДЕНТИФИКАТОР ВЕРСИИ
контрольное поле 20250622102758.0
035 ## - ДРУГИЕ СИСТЕМНЫЕ НОМЕРА
Идентификатор записи (NLR Aleph) 006239289
100 ## - ДАННЫЕ ОБЩЕЙ ОБРАБОТКИ
Данные общей обработки 20041129d1984 |||y0rusy50 ca
101 0# - ЯЗЫК РЕСУРСА
Язык текста, звукозаписи и т.д. русский
102 ## - СТРАНА ПУБЛИКАЦИИ ИЛИ ПРОИЗВОДСТВА
Страна публикации Российская Федерация
105 ## - ПОЛЕ КОДИРОВАННЫХ ДАННЫХ: ТЕКСТОВЫЕ МАТЕРИАЛЫ, МОНОГРАФИЧЕСКИЕ
Кодированные данные о монографическом текстовом документе y |||||||||
200 0# - ЗАГЛАВИЕ И СВЕДЕНИЯ ОБ ОТВЕТСТВЕННОСТИ
Основное заглавие Ч. 1
210 ## - ПУБЛИКАЦИЯ, РАСПРОСТРАНЕНИЕ И ДР.
Дата издания, распространения и т.д. 1984
Место издания, распространения и т.д. Б. м.
215 ## - ФИЗИЧЕСКАЯ ХАРАКТЕРИСТИКА
Специфическое обозначение материала и объем 87 с.
461 #0 - УРОВЕНЬ НАБОРА
Встроенное поле 001rc\858329
-- 2001#$aПроблемы гидрогеологии и карста$eТез. докл. науч.-техн. семинара, 27-28 нояб. 1984 г.$f[Редкол.: ...к. г.-м. н. Г.В. Бельтюков (отв. ред.) и др.]$vЧ. 1
Системный номер (АБИС) связанной записи 6651701
Место публикации Пермь
Дата публикации 1984
Первые сведения об ответственности [Редкол.: ...к. г.-м. н. Г.В. Бельтюков (отв. ред.) и др.]
Имя издателя, распространителя и т.д. Б. и.
Сведения, относящиеся к заглавию Тез. докл. науч.-техн. семинара, 27-28 нояб. 1984 г.
Заглавие Проблемы гидрогеологии и карста
Номер тома Ч. 1
801 #0 - ИСТОЧНИК ЗАПИСИ
Страна Российская Федерация
Организация NLR
Правила каталогизации psbo
801 #1 - ИСТОЧНИК ЗАПИСИ
Страна Российская Федерация
Организация ELAR
Источник данных rusmarc
852 ## - МЕСТОНАХОЖДЕНИЕ И ШИФР ХРАНЕНИЯ
Идентификатор организации NLR
Шифр хранения (Call Number) 85-4/20598
942 ## - ДОПОЛНИТЕЛЬНЫЕ ЭЛЕМЕНТЫ ЗАПИСИ (АБИС)
Тип экземпляра АБИС Книга
980 ## - КОЛЛЕКЦИЯ
Название коллекции Национальная библиография
Экземпляры
Тип экземпляра Дата поступления Библиотека постоянного хранения Библиотека текущего хранения Место хранения Шифр хранения Штрих-код Статус экземпляра
Книга 26.10.2013 РНБ (Московский) РНБ (Московский) Русский книжный фонд: издания с 1957 года 85-4/20598 6239289-10